States the Transcontinental Railroad Goes Through - Statistics

General Stats
  • This quiz has been taken 41 times
  • The average score is 5 of 6
Answer Stats
State % Correct
California
100%
Nevada
98%
Utah
95%
Nebraska
93%
Colorado
90%
Wyoming
73%
No matching quizzes found
Score Distribution
Percent of People with Each Score
Percentile by Number Answered
Your Score History
You have not taken this quiz